Σχέση φύλου σε ορισμένες ηλικίες : και επίδοση στα ελληνικά και μαθηματικά - έρευνα
Saved in:
| Main Author: | |
|---|---|
| Format: | Book |
| Language: | Greek |
| Published: |
Χίος :
Φιλοτεχνικός όμιλος Χίου,
1983
|
| Subjects: | |
| Tags: |
Add Tag
No Tags, Be the first to tag this record!
|
MARC
| LEADER | 00000nam a2200000 i 4500 | ||
|---|---|---|---|
| 001 | 1/29591 | ||
| 008 | 960808s1983 gre d | ||
| 035 | |l 10023249 | ||
| 040 | |a GR-MY-UA |b gre |e aacr | ||
| 041 | 0 | |a gre | |
| 082 | 0 | |a 370 | |
| 100 | 1 | |a Ζύμαρης, Ευάγγελος Δ. | |
| 245 | 1 | 0 | |a Σχέση φύλου σε ορισμένες ηλικίες : |b και επίδοση στα ελληνικά και μαθηματικά - έρευνα / |c Ευάγγελος Δ.Ζύμαρης |
| 260 | |a Χίος : |b Φιλοτεχνικός όμιλος Χίου, |c 1983 | ||
| 300 | |a 56 σ. | ||
| 500 | |a Αφιερωμένη στους εκπαιδευτικούς της Χίου | ||
| 650 | 0 | 0 | |a Education |z Greece. |
| 852 | |a INST |b CHIOS |e 19960808 |h 370 ΖΥΜ |p 005200009281 |q 005200009281 |t BK |y 0 | ||
| 909 | |a Χ |b 042550 | ||